| 000 | 01349cam a2200265 4500 | ||
|---|---|---|---|
| 001 | L159553 | ||
| 008 | 050414n2012 000 0 eng u | ||
| 020 | _a9781848062665 | ||
| 035 | _a(Sirsi) u159553 | ||
| 041 | _aeng | ||
| 050 |
_a614.76 _c18 |
||
| 100 | _aAdams, Katherine | ||
| 245 | _aSaving money, resources and carbon through SMARTWaste | ||
| 260 |
_aWatford _bBRE _c2012 |
||
| 300 |
_a34p. _c30cm. |
||
| 490 |
_aBRE Information Paper _vIP9/03 |
||
| 520 | _aSMARTWaste Plan is an online tool that was developed by BRE to help users to prepare, implement and review their site waste management plans. This report provides an overview of SMARTWaste Plan and how the data it collects can be used. Since SMARTWaste Plan was introduced in 2008, data on over 8000 completed construction projects have been collected and this information has been used to produce a range of benchmarks and performance indicators. This report provides detailed performance indicators of waste arising (related to project value or floor area) for both newbuild and refurbishment projects. | ||
| 650 | 2 | 4 | _aSITE WASTE MANAGEMENT PLANS |
| 651 | 4 | _aENGLAND AND WALES | |
| 690 | _aENVIRONMENTAL AND LAND CONSULTANCY-WASTE MANAGEMENT | ||
| 700 | _aBlackwell, Margaret | ||
| 700 | _aHolt, Amanda | ||
| 710 | _aBuilding Research Establishment | ||
| 942 | _n0 | ||
| 999 |
_c115993 _d115993 |
||